000 nam a22 7a 4500
999 _c10005
_d10005
008 180209b ||||| |||| 00| 0 eng d
100 _aJauhar,S.P.
_96044
245 _aAbc of Chemistry-XI
260 _aNew Delhi
_bModern
_c2012